Statistics for Two-Word Countries with Two-Word Capital Cities

Click here to take the quiz!

General Stats

  • This quiz has been taken 147 times
  • The average score is 7 of 12

Answer Stats

Answer% Correct
South Africa
75%
El Salvador
73%
San Marino
72%
Dominican Republic
71%
Cape Town
70%
Santo Domingo
70%
San Salvador
69%
Vatican City
62%
Costa Rica
60%
San José
55%
United States
18%
Washington, D.C.
17%

Score Distribution

Percentile by Number Answered

Percent of People with Each Score

Your Score History

You have not taken this quiz